000 00512nam a2200181Ia 4500
003 GCL
008 140319s9999 xx 000 0 ara d
040 _aGCL /
_cGCL
082 0 4 _a813.03
_bف ع
100 1 _aفؤاد حجازى
245 1 0 _aالعمرة (هدية من عبدالفتاح الجمل) /
_cفؤاد حجازى
300 _a79
490 _aادب الجماهير
_v0
650 0 4 _aالادب العربى
650 0 4 _aالقصص العربية
650 0 4 _aالادب
942 _2ddc
_cBK
999 _c46830
_d46830